LEADER 01053nam 2200361 450 001 9910317795203321 005 20221012204215.0 010 $a1-83881-598-8 010 $a1-78923-631-2 035 $a(CKB)4970000000100132 035 $a(NjHacI)994970000000100132 035 $a(EXLCZ)994970000000100132 100 $a20221012d2018 uy 0 101 0 $aeng 135 $aur||||||||||| 181 $ctxt$2rdacontent 182 $cc$2rdamedia 183 $acr$2rdacarrier 200 00$aApplication of genetics and genomics in poultry science /$fedited by Xiaojun Liu 210 1$aLondon, England :$cIntechOpen,$d[2018] 210 4$dİ2018 215 $a1 online resource (viii, 174 pages) $cillustrations 311 $a1-78923-630-4 606 $aPoultry 615 0$aPoultry. 676 $a636.5 702 $aLiu$b Xiaojun$c(Geneticist), 801 0$bNjHacI 801 1$bNjHacl 906 $aBOOK 912 $a9910317795203321 996 $aApplication of Genetics and Genomics in Poultry Science$92033109 997 $aUNINA LEADER 01186nam 2200373Ka 450 001 9910697229603321 005 20080731081018.0 035 $a(CKB)5470000002386628 035 $a(OCoLC)237044729 035 $a(EXLCZ)995470000002386628 100 $a20080731d2002 ua 0 101 0 $aeng 181 $ctxt$2rdacontent 182 $cc$2rdamedia 183 $acr$2rdacarrier 200 00$aAnthrax$b[electronic resource] $egeneral informationand vaccination 210 1$a[Riverdale, Md.?] :$cU.S. Dept. of Agriculture, Animal and Plant Health Inspection Service,$d[2002] 215 $a2 unnumbered pages $cdigital, PDF file 225 1 $aAPHIS factsheet 300 $aTitle from title screen (viewed on July 30, 2008). 300 $a"Veterinary Services." 300 $a"February 2002." 517 $aAnthrax 606 $aAnthrax$xVaccination 606 $aPublic health$zUnited States 615 0$aAnthrax$xVaccination. 615 0$aPublic health 712 02$aUnited States.$bAnimal and Plant Health Inspection Service. 801 0$bGPO 801 1$bGPO 906 $aBOOK 912 $a9910697229603321 996 $aAnthrax$93467837 997 $aUNINA